[Event "Catalunya-chT Gp2"]
[Site "Barcelona"]
[Date "2015.02.28"]
[Round "6.1"]
[White "Escobar Torres, Antonio"]
[Black "Colon Garcia, Enrique"]
[Result "0-1"]
[WhiteElo "2140"]
[BlackElo "2291"]
[PlyCount "52"]
[EventDate "2015.01.24"]
[EventType "team-tourn"]
[EventRounds "7"]
[EventCountry "ESP"]
[SourceTitle "EXT 2016"]
[Source "ChessBase"]
[SourceDate "2015.10.08"]
[SourceVersion "1"]
[SourceVersionDate "2015.10.08"]
[SourceQuality "1"]
[WhiteTeam "Sitges"]
[BlackTeam "Colon Sabadell"]
[WhiteTeamCountry "ESP"]
[BlackTeamCountry "ESP"]

1. e4 c5 2. Nf3 d6 3. Bb5+ Nc6 4. Bxc6+ bxc6 5. 0-0 Bg4 6. h3 Bh5 7. d3 Nf6 8. c3 e6 9. Qa4 Bxf3 10. Qxc6+ Nd7 11. gxf3 Be7 12. f4 0-0 13. Nd2 f5 14. f3 Rf6 15. Nc4 Rc8 16. Qa4 Rh6 17. Kh2 Qe8 18. Qc2 Qh5 19. Qg2 Rg6 20. Qe2 Rf8 21. Be3 d5 22. Nd2 fxe4 23. dxe4 d4 24. cxd4 cxd4 25. Bxd4 Rxf4 26. Rg1 Qxh3+ 0-1

[Event "Catalunya-chT Gp2"]
[Site "Barcelona"]
[Date "2015.01.31"]
[Round "2.4"]
[White "Escobar Torres, Antonio"]
[Black "Ramirez Garcia, Jorge Alberto"]
[Result "0-1"]
[WhiteElo "2140"]
[BlackElo "2293"]
[PlyCount "116"]
[EventDate "2015.01.24"]
[EventType "team-tourn"]
[EventRounds "7"]
[EventCountry "ESP"]
[SourceTitle "CBM 164 Extra"]
[Source "ChessBase"]
[SourceDate "2015.03.02"]
[SourceVersion "1"]
[SourceVersionDate "2015.03.02"]
[SourceQuality "1"]
[WhiteTeam "Sitges"]
[BlackTeam "Barcelona Escola Escacs"]
[WhiteTeamCountry "ESP"]
[BlackTeamCountry "ESP"]

1. e4 e6 2. Qe2 g6 3. g3 Bg7 4. Bg2 Ne7 5. d3 c5 6. h4 Nbc6 7. Nc3 Nd4 8. Qd1 d6 9. h5 Bd7 10. Nf3 Nec6 11. hxg6 hxg6 12. Rxh8+ Bxh8 13. Ne2 Qe7 14. Nexd4 Nxd4 15. Nxd4 Bxd4 16. c3 Bg7 17. Be3 0-0-0 18. Kf1 Bc6 19. d4 Kb8 20. Kg1 cxd4 21. cxd4 d5 22. e5 Rc8 23. Bf1 Rh8 24. a3 Bxe5 25. b4 f6 26. Qd3 Qh7 27. Bg2 Bd6 28. b5 Bd7 29. a4 g5 30. Qd2 Rc8 31. Ra2 Qb1+ 32. Bf1 Rc1 33. Qxc1 Qxa2 34. Qd1 Kc7 35. Kg2 Bb4 36. Be2 Qb2 37. Qd3 Qa3 38. Qc2+ Kd8 39. Bg4 Be7 40. Qh7 Qxa4 41. Qg8+ Kc7 42. Qf7 Qa3 43. Bxe6 Bxe6 44. Qxe6 Qd6 45. Qf7 Kd7 46. Qg8 Qe6 47. Qb8 Qb6 48. g4 Qxb5 49. Qxa7 Kc7 50. f3 Qa6 51. Qxa6 bxa6 52. Kf1 Kc6 53. Ke2 Kb5 54. Kd3 Kb4 55. f4 gxf4 56. Bxf4 Bd8 57. Bd2+ Kb3 58. Bc3 a5 0-1

[Event "Catalunya-chT"]
[Site "Catalunya"]
[Date "2014.03.22"]
[Round "9.2"]
[White "Escobar Torres, Antonio"]
[Black "Cervello Tost, Ferran"]
[Result "1/2-1/2"]
[WhiteElo "2140"]
[BlackElo "2065"]
[PlyCount "80"]
[EventDate "2014.01.25"]
[EventType "team"]
[EventRounds "11"]
[EventCountry "ESP"]
[SourceTitle "EXT 2015"]
[Source "ChessBase"]
[SourceDate "2014.11.20"]
[SourceVersion "1"]
[SourceVersionDate "2014.11.20"]
[SourceQuality "1"]
[WhiteTeam "Sitges"]
[BlackTeam "Peona I Peo"]
[WhiteTeamCountry "ESP"]
[BlackTeamCountry "ESP"]

1. d4 Nf6 2. Nf3 e6 3. c4 b6 4. g3 Bb7 5. Bg2 Be7 6. 0-0 0-0 7. Nc3 Ne4 8. Qc2 f5 9. b3 Bf6 10. Bb2 Nxc3 11. Bxc3 Be4 12. Qb2 d6 13. Rfd1 Nd7 14. b4 Qe7 15. a4 g5 16. a5 h5 17. axb6 axb6 18. Ne1 Bxg2 19. Nxg2 Qg7 20. Rxa8 Rxa8 21. Ra1 Rxa1+ 22. Qxa1 c5 23. e3 h4 24. Ne1 f4 25. Qa8+ Nf8 26. Qe4 hxg3 27. hxg3 fxe3 28. fxe3 Qc7 29. Qd3 cxb4 30. Bxb4 d5 31. cxd5 Qxg3+ 32. Ng2 Qg4 33. Bxf8 Kxf8 34. d6 Qf5 35. Qa3 e5 36. Qa8+ Kg7 37. Qb7+ Kg6 38. d5 Qb1+ 39. Kf2 Qf5+ 40. Kg1 Qb1+ 1/2-1/2

[Event "Catalunya-chT"]
[Site "Catalunya"]
[Date "2014.01.25"]
[Round "1.3"]
[White "Escobar Torres, Antonio"]
[Black "Colon Garcia, Enrique"]
[Result "1-0"]
[WhiteElo "2140"]
[BlackElo "2335"]
[PlyCount "93"]
[EventDate "2014.01.25"]
[EventType "team"]
[EventRounds "11"]
[EventCountry "ESP"]
[SourceTitle "CBM 158 Extra"]
[Source "ChessBase"]
[SourceDate "2014.02.28"]
[SourceVersion "1"]
[SourceVersionDate "2014.02.28"]
[SourceQuality "1"]
[WhiteTeam "Sitges"]
[BlackTeam "Colon Sabadell"]
[WhiteTeamCountry "ESP"]
[BlackTeamCountry "ESP"]

1. d4 Nf6 2. Nf3 e6 3. c3 c5 4. g3 d5 5. Bg2 Nc6 6. 0-0 Be7 7. a3 a5 8. Nbd2 cxd4 9. Nxd4 Nxd4 10. cxd4 Qb6 11. Nf3 Bd7 12. Ne5 Bb5 13. Be3 0-0 14. Qd2 Qa6 15. Rfe1 Ne4 16. Qd1 a4 17. f3 Nd6 18. Bf2 Bd8 19. e4 f6 20. Ng4 Ba5 21. exd5 Bxe1 22. Qxe1 exd5 23. Qe6+ Kh8 24. Qxd5 Nc4 25. Qh5 Rad8 26. f4 Be8 27. Qc5 Bd7 28. h3 Nd2 29. Re1 Qd3 30. Re3 Qb1+ 31. Re1 Qxb2 32. d5 Qb5 33. Qc3 Nb3 34. Re7 Rfe8 35. Rxg7 Bxg4 36. Qxf6 Rd6 37. Qc3 Qa5 38. Qxa5 Nxa5 39. Rxg4 Rg6 40. Rh4 Nb3 41. f5 Ra6 42. Rb4 Re7 43. g4 h6 44. Bg3 Kg7 45. d6 Rd7 46. Bxb7 Ra5 47. Bc6 1-0

[Event "Catalunya-chT Honor"]
[Site "Catalunya"]
[Date "2013.03.16"]
[Round "9.5"]
[White "Escobar Torres, Antonio"]
[Black "Escandell Mari, Juan Carlos"]
[Result "1/2-1/2"]
[WhiteElo "2133"]
[BlackElo "2278"]
[PlyCount "52"]
[EventDate "2013.01.19"]
[EventType "team-tourn"]
[EventRounds "11"]
[EventCountry "ESP"]
[SourceTitle "EXT 2014"]
[Source "ChessBase"]
[SourceDate "2013.11.20"]
[SourceVersion "1"]
[SourceVersionDate "2013.11.20"]
[SourceQuality "1"]
[WhiteTeam "Sitges"]
[BlackTeam "Cerdanyola Valles"]
[WhiteTeamCountry "ESP"]
[BlackTeamCountry "ESP"]

1. d4 Nf6 2. Nf3 g6 3. Bf4 Bg7 4. h3 0-0 5. e3 d6 6. Be2 b6 7. 0-0 c5 8. Bh2 Bb7 9. c3 Nbd7 10. Nbd2 Qc7 11. a4 Ne4 12. Nxe4 Bxe4 13. Nd2 Bb7 14. Bf3 a6 15. Qb3 Bxf3 16. Nxf3 Rfb8 17. Ng5 c4 18. Qc2 h6 19. Nf3 b5 20. axb5 axb5 21. Nd2 Ra7 22. b3 Nb6 23. Rfb1 Rc8 24. Rxa7 Qxa7 25. bxc4 Nxc4 26. Nxc4 Rxc4 1/2-1/2

[Event "Catalunya-chT Honor"]
[Site "Catalunya"]
[Date "2013.03.09"]
[Round "8.5"]
[White "Grafl, Florian"]
[Black "Escobar Torres, Antonio"]
[Result "1-0"]
[WhiteElo "2368"]
[BlackElo "2133"]
[PlyCount "111"]
[EventDate "2013.01.19"]
[EventType "team-tourn"]
[EventRounds "11"]
[EventCountry "ESP"]
[SourceTitle "EXT 2014"]
[Source "ChessBase"]
[SourceDate "2013.11.20"]
[SourceVersion "1"]
[SourceVersionDate "2013.11.20"]
[SourceQuality "1"]
[WhiteTeam "Barbera"]
[BlackTeam "Sitges"]
[WhiteTeamCountry "ESP"]
[BlackTeamCountry "ESP"]

1. f4 d5 2. Nf3 Bf5 3. d3 e6 4. g3 h6 5. Bg2 Bc5 6. Nc3 Nf6 7. e3 c6 8. Qe2 Bh7 9. Bd2 a5 10. e4 a4 11. a3 Qb6 12. 0-0-0 dxe4 13. Nxe4 Nxe4 14. dxe4 Qa6 15. Rhe1 Qxe2 16. Rxe2 Nd7 17. Bc3 Rg8 18. f5 Ke7 19. g4 Nf6 20. Ne5 Rgd8 21. h4 Rxd1+ 22. Kxd1 Rd8+ 23. Ke1 Bd4 24. Bxd4 Rxd4 25. Rd2 Rxd2 26. Kxd2 Bg8 27. Kc3 Kd6 28. Nc4+ Kc5 29. b4+ axb3 30. cxb3 exf5 31. gxf5 Kb5 32. Kd4 c5+ 33. Ke3 Ka6 34. Nd6 Nd7 35. Bf1+ Kb6 36. Bc4 Kc6 37. Ne8 Nb6 38. Nxg7 Nxc4+ 39. bxc4 Kd6 40. f6 Ke5 41. Nf5 h5 42. Nh6 Bh7 43. Nxf7+ Kxf6 44. Nd6 b6 45. Kf4 Bg8 46. e5+ Kg6 47. Nc8 Bxc4 48. Nxb6 Be6 49. Ke4 c4 50. Na4 Bd7 51. Nc3 Bc6+ 52. Kd4 Kf5 53. Kc5 Be8 54. Kd6 Kg4 55. a4 Kxh4 56. a5 1-0

[Event "Catalunya-chT Honor"]
[Site "Catalunya"]
[Date "2008.04.20"]
[Round "9"]
[White "Escobar Torres, Antonio"]
[Black "Dickl, Errol"]
[Result "1/2-1/2"]
[WhiteElo "2124"]
[BlackElo "2197"]
[PlyCount "120"]
[EventDate "2008.01.27"]
[EventType "team-tourn"]
[EventRounds "9"]
[EventCountry "ESP"]
[SourceTitle "EXT 2019"]
[Source "ChessBase"]
[SourceDate "2018.10.10"]
[SourceVersion "1"]
[SourceVersionDate "2018.10.10"]
[SourceQuality "1"]

1. d4 Nf6 2. Nf3 e6 3. Bf4 h6 4. h3 c5 5. c3 Qb6 6. Qb3 Qxb3 7. axb3 Nc6 8. e3 cxd4 9. exd4 Be7 10. Nbd2 d5 11. Bd3 0-0 12. 0-0 Ne8 13. b4 Bd6 14. Bxd6 Nxd6 15. Ra3 b5 16. Nb3 f6 17. Na5 Nb8 18. Re1 Re8 19. Bc2 Kf8 20. Kf1 a6 21. Raa1 Ra7 22. Bd3 Rae7 23. Nh4 Rc7 24. Ng6+ Kf7 25. Nf4 Ree7 26. Bg6+ Kf8 27. Re2 Nf7 28. Bd3 Nh8 29. Rae1 Kf7 30. Bb1 g5 31. Nd3 Ng6 32. Ba2 Nd7 33. g3 Nb6 34. Kg2 h5 35. Bb1 Nc4 36. Nxc4 bxc4 37. Nc5 Nf8 38. Bc2 Rc6 39. f4 gxf4 40. gxf4 f5 41. Bxf5 Ra7 42. Bc2 Kf6 43. Re5 a5 44. b5 Rb6 45. Ba4 Rg7+ 46. Kf3 h4 47. Rg5 Rxg5 48. fxg5+ Kxg5 49. Rg1+ Kf6 50. Rg8 Kf7 51. Rh8 e5 52. Rxh4 e4+ 53. Ke3 Ng6 54. Rh5 Ne7 55. Rh7+ Kf6 56. Rh6+ Ng6 57. Rh5 Ne7 58. Rh6+ Ng6 59. Rh7 Ne7 60. Rh8 Kf7 1/2-1/2

[Event "Catalunya-chT Honor"]
[Site "Catalunya"]
[Date "2008.02.24"]
[Round "5"]
[White "Escobar Torres, Antonio"]
[Black "Gallart Zafra, Jaume"]
[Result "0-1"]
[WhiteElo "2124"]
[BlackElo "2137"]
[PlyCount "142"]
[EventDate "2008.01.27"]
[EventType "team-tourn"]
[EventRounds "9"]
[EventCountry "ESP"]
[SourceTitle "EXT 2019"]
[Source "ChessBase"]
[SourceDate "2018.10.10"]
[SourceVersion "1"]
[SourceVersionDate "2018.10.10"]
[SourceQuality "1"]

1. d4 Nf6 2. Nf3 e6 3. c3 c5 4. Bf4 Nc6 5. e3 b6 6. Bd3 d6 7. h3 Bb7 8. Nbd2 Be7 9. Qe2 h6 10. a3 Qc7 11. Bh2 a5 12. a4 0-0 13. 0-0 Ne8 14. Rac1 Qd7 15. Nc4 Bd8 16. Rfd1 d5 17. Nce5 Qe7 18. e4 Nf6 19. Nxc6 Bxc6 20. e5 Nd7 21. Bc2 c4 22. Qe3 Re8 23. Bg3 Qf8 24. Qf4 Be7 25. Re1 g6 26. Qg4 Qg7 27. Bf4 Reb8 28. Rcd1 b5 29. axb5 Bxb5 30. Bc1 Nb6 31. Rd2 Ba4 32. Bb1 Be8 33. Rde2 Na4 34. Rc2 Rb7 35. Ree2 Rab8 36. h4 Nb6 37. Qf4 Bf8 38. Rcd2 a4 39. Bc2 Ra8 40. Rd1 Nc8 41. Nh2 Ne7 42. Ng4 Nf5 43. Nf6+ Kh8 44. g3 a3 45. bxa3 Ba4 46. Bxa4 Rxa4 47. g4 Nxh4 48. Ne8 g5 49. Nxg7 gxf4 50. Nh5 f3 51. Ree1 Rb3 52. Bd2 Raxa3 53. Re3 Ra2 54. Kh2 Rbb2 55. Be1 Be7 56. Nf6 Re2 57. Kg3 Bxf6 58. exf6 Ng2 59. Kxf3 Nxe3 60. fxe3 Kh7 61. Bg3 Kg6 62. Rh1 Rec2 63. Bf4 Rf2+ 64. Kg3 Rg2+ 65. Kh3 h5 66. gxh5+ Kxh5 67. Rb1 Kg6 68. Be5 Kf5 69. Rb7 Rge2 70. Rxf7 Rxe3+ 71. Kh4 Ra1 0-1

[Event "Benidorm op 4th"]
[Site "Benidorm"]
[Date "2007.12.06"]
[Round "1"]
[White "Moskalenko, Viktor"]
[Black "Escobar Torres, Antonio"]
[Result "1-0"]
[WhiteElo "2575"]
[BlackElo "2130"]
[PlyCount "149"]
[EventDate "2007.12.06"]
[EventType "swiss (rapid)"]
[EventRounds "11"]
[EventCountry "ESP"]
[SourceTitle "CBM 121 Extra"]
[Source "ChessBase"]
[SourceDate "2008.01.10"]
[SourceVersion "1"]
[SourceVersionDate "2008.01.10"]
[SourceQuality "1"]

1. d4 e6 2. c4 Nf6 3. Nc3 Bb4 4. a3 Bxc3+ 5. bxc3 c5 6. e3 Nc6 7. Bd3 d6 8. Ne2 Na5 9. e4 Qc7 10. 0-0 b6 11. f4 Ba6 12. f5 e5 13. Bg5 Nd7 14. f6 g6 15. d5 0-0-0 16. Bh6 Qb7 17. Qa4 Nb8 18. Rab1 Qd7 19. Rb5 Bxb5 20. cxb5 c4 21. Bxc4 Qc7 22. Bd3 Qc5+ 23. Kh1 Kb7 24. Rf3 Rc8 25. Be3 Qc7 26. Qd1 Nd7 27. Bh6 Nc4 28. Qc1 Qc5 29. a4 Qa3 30. Qc2 Qc5 31. Qa2 Na5 32. Rf1 Qc7 33. h3 Nc5 34. Bc2 Kb8 35. Rf3 Nd7 36. Bd3 Nc5 37. Bc2 Ncb7 38. Qb1 Qc4 39. Qd1 Nc5 40. Ng3 Rc7 41. Nf1 Rhc8 42. Qb1 Nxa4 43. Nd2 Nxc3 44. Nxc4 Nxb1 45. Nxa5 bxa5 46. Bxb1 Rc1+ 47. Bxc1 Rxc1+ 48. Kh2 Rxb1 49. Kg3 Rxb5 50. Kg4 h6 51. Ra3 Kb7 52. Kf3 Kb6 53. h4 h5 54. g4 hxg4+ 55. Kxg4 Rb4 56. Kg5 Rxe4 57. Kh6 Rxh4+ 58. Kg7 Rf4 59. Kxf7 g5 60. Ke7 Kc5 61. Rxa5+ Kb6 62. Ra1 Kc5 63. Rd1 g4 64. f7 e4 65. f8Q Rxf8 66. Kxf8 g3 67. Ke7 g2 68. Ke6 a5 69. Rc1+ Kd4 70. Kxd6 Ke3 71. Ke5 Kf3 72. d6 e3 73. d7 Kf2 74. d8Q g1Q 75. Qf6+ 1-0